| 000 | 00480nam a22001817a 4500 | ||
|---|---|---|---|
| 003 | MPLRDC | ||
| 005 | 20220104144233.0 | ||
| 008 | 210129b ||||| |||| 00| 0 eng d | ||
| 020 | _a7-80009-150-3 | ||
| 082 | _a732.279 MEN | ||
| 100 | _aBOYE DE MENTE | ||
| 245 |
_a日本对美国的冲击 MADE IN JAPAN _c周隆镜等译 |
||
| 250 | _a一版一刷 | ||
| 260 |
_a _b时事出版社出版 _c1992 |
||
| 300 | _b平 | ||
| 650 | _a日本战后文学 | ||
| 942 |
_cBK _o732.279 MEN |
||
| 999 |
_c47708 _d47698 |
||